=LDR 00000nam 2200000 4500 =001 INLIS000000000039564 =005 20130612145201 =008 ***********************************Ind** =035 ##$$0010-061300000039564 =041 ##$$a Ind =082 ##$$a 808.3 =090 ##$$a 808.3, Lia o =100 ##$$a Gouw,Lian =245 ##$$a Only a Girl, Menantang Phoenix, Lian Gouw =260 ##$$a 2010 $b Jakarta =300 ##$$a viii,385 hlm, 20 cm =850 ##$$a NBPNMAT